Les Personnages des Simpson avec le plus de mots prononcés - Statistiques

Statistiques générales
  • Ce quiz a été pris 64 fois
  • Le résultat moyen est 25 sur 52
Statistiques - réponses
# Personnage % Correct
3 Bart Simpson
100%
1 Homer Simpson
100%
4 Lisa Simpson
100%
2 Marge Simpson
100%
8 Ned Flanders
85%
6 Moe Szyslak
83%
14 Apu Nahasapeemapetilon
75%
13 Milhouse Van Houten
75%
5 Montgomery Burns
73%
10 Abe Simpson
72%
29 Barney Gumble
70%
16 Waylon Smithers
70%
20 Carl Carlson
68%
7 Seymour Skinner
68%
22 Tahiti Bob
67%
11 Clancy Wiggum
65%
19 Edna Krapabelle
65%
15 Lenny Leonard
63%
35 Ralph Wiggum
63%
9 Krusty le clown
62%
17 Nelson Muntz
62%
27 Selma Bouvier
53%
31 Patty Bouvier
52%
21 Timothy Lovejoy
47%
23 Joe Quimby
45%
12 Kent Brockman
45%
39 Kirk Van Houten
42%
18 Julius Hibbert
40%
49 Elizabeth Hoover
37%
38 Jimbo Jones
33%
28 John Frink
33%
37 Lou
33%
32 Martin Prince
33%
34 Tahiti Mel
33%
26 Willie McDougal
33%
24 Jeff Albertson
32%
25 Gary Chalmers
30%
36 Gros Tony
30%
33 Otto Mann
30%
41 Cletus Spuckler
27%
30 Troy McClure
27%
40 Agnes Skinner
23%
44 Le Serpent
22%
45 Kearney Zzyzwicz
20%
50 Dolph Starbeam
17%
42 Gil Gunderson
15%
43 Lionel Hutz
15%
47 Herb Simpson
13%
46 Le riche Texan
8%
48 Rainier Wolfcastle
7%
51 Horatio McCallister
5%
52 Roy Snyder
3%
Aucun quiz correspondant
Distribution des résultats
% des personnes avec chaque résultat
Percentile par nombre de réponses
Votre historique - résultats
Vous n’avez pas pris ce quiz